000 00716nam a2200181 i 4500
001 156816
003 ES-MaACL
005 20231227062555.0
008 931025s1877 sp |||| | spa d
040 _aAS
_bspa
_cPAB
100 1 _aLabra, Rafael M. de,
_d1840-1918
_969273
245 1 4 _aUna villa del Cantábrico
_b: Gijón : notas de viaje /
_cpor Rafael M. de Labra.
260 _aOviedo :
_b[s.n.],
_c1877 (
_fImprenta de Eduardo de Uría)
300 _a[3], 200 p. ;
_c17 cm.
595 1 _aExiste emisión con pie de imp.: Madrid.: [s.n.], 1878 (Imp. de Aurelio Alaria)
852 _aES-MaACL
_jT-346-F-1
_z-- Enc. hol.
_q-- Falto de la cub. original
_z-- Enc. en un vol. facticio
999 _c156816
_d156816